[Event "Titled Tuesday intern op 02nd Nov"]
[Site "Chess.com INT"]
[Date "2021.11.02"]
[Round "9"]
[White "Abdalla, Luiz Guilherme"]
[Black "Bifulco, Michel"]
[Result "0-1"]
[WhiteElo "2234"]
[BlackElo "2314"]
[PlyCount "90"]
[EventDate "2021.11.02"]
[EventType "swiss (blitz)"]
[EventRounds "11"]
[EventCountry "USA"]
[SourceTitle "CBM 205 Extra"]
[Source "ChessBase"]
[SourceDate "2022.01.31"]
[SourceVersion "1"]
[SourceVersionDate "2022.01.31"]
[SourceQuality "1"]

1. d4 g6 2. c4 Nf6 3. Nc3 Bg7 4. e4 d6 5. Nf3 0-0 6. Be2 e5 7. 0-0 Nc6 8. d5 Ne7 9. b4 a5 10. Ba3 axb4 11. Bxb4 Nd7 12. a4 f5 13. Ng5 Nc5 14. Bxc5 dxc5 15. Ne6 Bxe6 16. dxe6 c6 17. Qd7 Qxd7 18. exd7 Rfd8 19. Rfd1 Kf7 20. Rd6 Ng8 21. Rad1 Nf6 22. Bf3 Ke7 23. R6d3 Rxd7 24. Rxd7+ Nxd7 25. Rb1 Ra7 26. h3 Bh6 27. g4 Bd2 28. Ne2 f4 29. g5 Nf8 30. Bg4 Ne6 31. Bxe6 Kxe6 32. h4 Bb4 33. Ra1 b5 34. cxb5 cxb5 35. Nc1 Rxa4 36. Rb1 Kd6 37. Nd3 Ra3 38. Nxb4 cxb4 39. Rxb4 Kc5 40. Rb1 b4 41. Rc1+ Kd4 42. Rc7 b3 43. Rxh7 b2 44. Rb7 Ra1+ 45. Kg2 b1Q 0-1

[Event "Titled Tuesday intern op 02nd Nov"]
[Site "Chess.com INT"]
[Date "2021.11.02"]
[Round "5"]
[White "Abdalla, Luiz Guilherme"]
[Black "Chernomordik, Pavel"]
[Result "1/2-1/2"]
[WhiteElo "2234"]
[BlackElo "2182"]
[PlyCount "66"]
[EventDate "2021.11.02"]
[EventType "swiss (blitz)"]
[EventRounds "11"]
[EventCountry "USA"]
[SourceTitle "CBM 205 Extra"]
[Source "ChessBase"]
[SourceDate "2022.01.31"]
[SourceVersion "1"]
[SourceVersionDate "2022.01.31"]
[SourceQuality "1"]

1. d4 g6 2. c4 Bg7 3. Nc3 d6 4. e4 c6 5. Nf3 a6 6. Be2 Nf6 7. 0-0 b5 8. Qc2 0-0 9. Re1 bxc4 10. Bxc4 d5 11. exd5 cxd5 12. Bb3 Nc6 13. Bg5 Bg4 14. Bxf6 Bxf6 15. Bxd5 Bxf3 16. Bxf3 Nxd4 17. Qe4 Nxf3+ 18. Qxf3 Rb8 19. Rad1 Qb6 20. Nd5 Qxb2 21. Nxe7+ Bxe7 22. Rxe7 Qxa2 23. h4 Rb1 24. h5 Qc2 25. Rxb1 Qxb1+ 26. Kh2 Qb4 27. Qf6 Qd2 28. f4 Qd5 29. Re5 Qd8 30. Re7 Qd1 31. Re5 Qd8 32. Re7 Qd1 33. Re5 Qd8 1/2-1/2

[Event "Titled Tuesday intern op 22nd June"]
[Site "Chess.com INT"]
[Date "2021.06.22"]
[Round "5"]
[White "Abdalla, Luiz Guilherme"]
[Black "Tsyhanchuk, Stanislav"]
[Result "1-0"]
[WhiteElo "2234"]
[BlackElo "2306"]
[PlyCount "111"]
[EventDate "2021.06.22"]
[EventType "swiss (blitz)"]
[EventRounds "11"]
[EventCountry "USA"]
[SourceTitle "CBM 203 Extra"]
[Source "ChessBase"]
[SourceDate "2021.09.30"]
[SourceVersion "1"]
[SourceVersionDate "2021.09.30"]
[SourceQuality "1"]

1. d4 d5 2. c4 c6 3. Nf3 Nf6 4. e3 e6 5. Nc3 Nbd7 6. Bd3 dxc4 7. Bxc4 b5 8. Bd3 a6 9. a4 b4 10. Ne2 Bb7 11. 0-0 c5 12. Ng3 Be7 13. b3 Bxf3 14. Qxf3 cxd4 15. exd4 0-0 16. Bb2 Nb6 17. a5 Nbd5 18. Rfc1 h6 19. h4 Qd7 20. h5 Rfc8 21. Ne4 Nxe4 22. Qxe4 Nf6 23. Qf3 Rxc1+ 24. Rxc1 Qd5 25. Qxd5 Nxd5 26. Rc6 Bd8 27. Rc5 Kf8 28. Be4 Be7 29. Rc6 Nf6 30. Bd3 Nxh5 31. Bxa6 Bd8 32. Be2 Nf4 33. Bf3 Rxa5 34. g3 Nd5 35. Kg2 Bf6 36. Rc8+ Ke7 37. Rb8 Ra2 38. Rb7+ Ke8 39. Bxd5 exd5 40. Bc1 Bxd4 41. Rxb4 Rxf2+ 42. Kh3 Be5 43. Kg4 f5+ 44. Kh5 Bxg3 45. Kg6 Be5 46. Rb5 Rg2+ 47. Kxf5 Bf6 48. Ke6 Re2+ 49. Kf5 Re5+ 50. Kg6 d4 51. Rb8+ Kd7 52. Bf4 Rd5 53. Rb7+ Kc6 54. Ra7 Kb6 55. Bd2 d3 56. Ra1 1-0

[Event "Titled Tuesday intern op 22nd June"]
[Site "Chess.com INT"]
[Date "2021.06.22"]
[Round "8"]
[White "Abdalla, Luiz Guilherme"]
[Black "Turzo, Attila"]
[Result "0-1"]
[WhiteElo "2234"]
[BlackElo "2311"]
[PlyCount "82"]
[EventDate "2021.06.22"]
[EventType "swiss (blitz)"]
[EventRounds "11"]
[EventCountry "USA"]
[SourceTitle "CBM 203 Extra"]
[Source "ChessBase"]
[SourceDate "2021.09.30"]
[SourceVersion "1"]
[SourceVersionDate "2021.09.30"]
[SourceQuality "1"]

1. d4 d5 2. c4 c6 3. Nf3 Nf6 4. e3 Bf5 5. Nc3 e6 6. Nh4 Bg6 7. g3 Nbd7 8. Nxg6 hxg6 9. Bg2 Bd6 10. 0-0 0-0 11. Qe2 Qe7 12. c5 Bc7 13. b4 e5 14. a4 Rfe8 15. Qc2 e4 16. b5 Nh7 17. Rb1 Qe6 18. bxc6 bxc6 19. Rb7 Ba5 20. Bd2 Bxc3 21. Bxc3 Ng5 22. Rfb1 Nf3+ 23. Kh1 g5 24. Rc7 Qh6 25. Bxf3 exf3 26. Qf5 Nf6 27. Rbb7 Rf8 28. Rxc6 g4 29. h4 gxh3 30. Qxf3 Qg6 31. Ba5 Qc2 32. Bc7 Ne4 33. Kg1 Qxa4 34. Rh6 gxh6 35. Qg4+ Ng5 36. Be5 Qc6 37. Rc7 Qg6 38. Rd7 Rad8 39. Rxa7 Ra8 40. Rd7 Ra1+ 41. Kh2 Qb1 0-1

[Event "Titled Tuesday intern op 22nd June"]
[Site "Chess.com INT"]
[Date "2021.06.22"]
[Round "10"]
[White "Kalashian, David"]
[Black "Abdalla, Luiz Guilherme"]
[Result "1-0"]
[WhiteElo "2398"]
[BlackElo "2234"]
[PlyCount "69"]
[EventDate "2021.06.22"]
[EventType "swiss (blitz)"]
[EventRounds "11"]
[EventCountry "USA"]
[SourceTitle "CBM 203 Extra"]
[Source "ChessBase"]
[SourceDate "2021.09.30"]
[SourceVersion "1"]
[SourceVersionDate "2021.09.30"]
[SourceQuality "1"]

1. e4 c6 2. d4 d5 3. Nc3 dxe4 4. Nxe4 Nf6 5. Nxf6+ exf6 6. c3 Bd6 7. Bd3 0-0 8. Qc2 Re8+ 9. Ne2 h5 10. Be3 Nd7 11. 0-0-0 Nf8 12. h3 Be6 13. g4 h4 14. Rhg1 Qa5 15. a3 Rac8 16. g5 f5 17. c4 g6 18. Bf4 Qc7 19. Bxd6 Qxd6 20. Kb1 b5 21. c5 Qd5 22. Nc3 Qf3 23. Rge1 a5 24. Re3 Qf4 25. d5 Bxd5 26. Nxd5 cxd5 27. Rxe8 Rxe8 28. Bxb5 Rb8 29. a4 d4 30. c6 Ne6 31. Bc4 Nc5 32. Bxf7+ Kxf7 33. Qxc5 Qxf2 34. Qd5+ Kg7 35. Qe5+ 1-0

[Event "Titled Tuesday intern op 22nd June"]
[Site "Chess.com INT"]
[Date "2021.06.22"]
[Round "9"]
[White "Miszler, Levente"]
[Black "Abdalla, Luiz Guilherme"]
[Result "0-1"]
[WhiteElo "2266"]
[BlackElo "2234"]
[PlyCount "73"]
[EventDate "2021.06.22"]
[EventType "swiss (blitz)"]
[EventRounds "11"]
[EventCountry "USA"]
[SourceTitle "CBM 203 Extra"]
[Source "ChessBase"]
[SourceDate "2021.09.30"]
[SourceVersion "1"]
[SourceVersionDate "2021.09.30"]
[SourceQuality "1"]

1. d4 d5 2. Nf3 Nf6 3. Bf4 Bf5 4. e3 e6 5. Bd3 Bxd3 6. Qxd3 Bd6 7. Bg3 0-0 8. Nbd2 c5 9. c3 Nc6 10. Ne5 Bxe5 11. dxe5 Nd7 12. f4 Qb6 13. 0-0 c4 14. Qc2 Qxe3+ 15. Kh1 Qd3 16. Qd1 Nc5 17. Rf3 Qf5 18. Qe2 Nd3 19. Nf1 d4 20. Bf2 Rad8 21. Ng3 Qg6 22. f5 exf5 23. Nxf5 Ndxe5 24. Rf4 d3 25. Qe4 Rfe8 26. Bd4 Nxd4 27. cxd4 Nc6 28. Qf3 h5 29. Rh4 d2 30. Ne3 Nxd4 31. Qh3 Ne6 32. Rxh5 f6 33. Rh4 Ng5 34. Qg3 Rxe3 35. Qxe3 d1Q+ 36. Qe1 Qxe1+ 37. Rxe1 0-1

[Event "Titled Tuesday intern op 22nd June"]
[Site "Chess.com INT"]
[Date "2021.06.22"]
[Round "4"]
[White "Urquhart, Eddie"]
[Black "Abdalla, Luiz Guilherme"]
[Result "1-0"]
[WhiteElo "2209"]
[BlackElo "2234"]
[PlyCount "91"]
[EventDate "2021.06.22"]
[EventType "swiss (blitz)"]
[EventRounds "11"]
[EventCountry "USA"]
[SourceTitle "CBM 203 Extra"]
[Source "ChessBase"]
[SourceDate "2021.09.30"]
[SourceVersion "1"]
[SourceVersionDate "2021.09.30"]
[SourceQuality "1"]

1. e4 c6 2. Bc4 d5 3. Bb3 dxe4 4. Qh5 g6 5. Qh4 Nf6 6. Nc3 Bf5 7. f3 exf3 8. Nxf3 Bg7 9. d4 Nbd7 10. 0-0 Qb6 11. Kh1 e6 12. a4 0-0 13. Bh6 Rad8 14. Rad1 Bxh6 15. Qxh6 Ng4 16. Qf4 Ndf6 17. Ne5 Nxe5 18. dxe5 Ng4 19. Rd6 Ne3 20. Re1 Nxc2 21. Bxc2 Bxc2 22. b4 a5 23. b5 Qc5 24. Ne2 cxb5 25. axb5 Qxb5 26. Ng1 Qb4 27. Qf2 Rxd6 28. exd6 Rd8 29. Rf1 Bf5 30. Nf3 Qxd6 31. Ng5 b5 32. Qh4 h5 33. h3 Qd5 34. Nf3 Qc4 35. Qxd8+ Kg7 36. Qd4+ Qxd4 37. Nxd4 b4 38. Ra1 e5 39. Nxf5+ gxf5 40. Rxa5 Kf6 41. Rb5 e4 42. Rxb4 Ke5 43. Kg1 f4 44. Kf2 f5 45. Rb5+ Kf6 46. h4 1-0

[Event "Titled Tuesday intern op 04th May"]
[Site "Chess.com INT"]
[Date "2021.05.04"]
[Round "4"]
[White "Abdalla, Luiz Guilherme"]
[Black "Lehtosaari, Mauri"]
[Result "0-1"]
[WhiteElo "2234"]
[BlackElo "2199"]
[PlyCount "76"]
[EventDate "2021.05.04"]
[EventType "swiss (blitz)"]
[EventRounds "11"]
[EventCountry "USA"]
[SourceTitle "CBM 202 Extra"]
[Source "ChessBase"]
[SourceDate "2021.07.31"]
[SourceVersion "1"]
[SourceVersionDate "2021.07.31"]
[SourceQuality "1"]

1. d4 d5 2. c4 c6 3. Nf3 Nf6 4. e3 Bg4 5. Nc3 e6 6. h3 Bh5 7. g4 Bg6 8. Ne5 Nfd7 9. h4 Nxe5 10. dxe5 h5 11. cxd5 cxd5 12. Bb5+ Nc6 13. g5 Qb6 14. Qa4 Be7 15. Bd2 0-0 16. Qf4 d4 17. exd4 Nxd4 18. Ba4 Qxb2 19. 0-0 Qxd2 20. Qxd2 Nf3+ 21. Kg2 Nxd2 22. Rfd1 Ne4 23. Nb5 Nc5 24. Bb3 a6 25. Nd6 Nxb3 26. axb3 Rfd8 27. Kf3 Rd7 28. Nc4 Rad8 29. Rxd7 Rxd7 30. Na5 Bb4 31. Ra4 Bxa5 32. Rxa5 Rd3+ 33. Kg2 Rxb3 34. Rc5 Kh7 35. Rc8 a5 36. Rc7 a4 37. Rc8 a3 38. Ra8 b5 0-1

[Event "Titled Tuesday intern op 25th Aug"]
[Site "Chess.com INT"]
[Date "2020.08.25"]
[Round "8"]
[White "Markidis, Konstantinos"]
[Black "Abdalla, Luiz Guilherme"]
[Result "1/2-1/2"]
[WhiteElo "2181"]
[BlackElo "2234"]
[PlyCount "92"]
[EventDate "2020.08.25"]
[EventType "swiss (blitz)"]
[EventRounds "10"]
[EventCountry "USA"]
[SourceTitle "CBM 198 Extra"]
[Source "ChessBase"]
[SourceDate "2020.11.30"]
[SourceVersion "1"]
[SourceVersionDate "2020.11.30"]
[SourceQuality "1"]

1. e4 c5 2. Nf3 d6 3. Bb5+ Bd7 4. Bxd7+ Qxd7 5. c4 Nc6 6. d4 cxd4 7. Nxd4 Nf6 8. Nc3 e6 9. 0-0 Be7 10. Be3 a6 11. Qe2 0-0 12. Rad1 Qc7 13. f4 Rac8 14. b3 Qa5 15. Qd3 Ng4 16. Nxc6 Rxc6 17. Bd4 Qh5 18. h3 Nf6 19. e5 dxe5 20. fxe5 Nd7 21. Qf3 Qxf3 22. Rxf3 Bc5 23. Bxc5 Nxc5 24. b4 Ne4 25. Nxe4 Rxc4 26. Nc5 Rxb4 27. Rd7 Rb5 28. Nxb7 Rxe5 29. a4 f6 30. Rd6 Rb8 31. Rd7 Rd5 32. Rc7 e5 33. Rg3 g6 34. Rf3 f5 35. Kh2 e4 36. Rfc3 f4 37. Re7 e3 38. Rcc7 Rd2 39. Rg7+ Kh8 40. Rxh7+ Kg8 41. Rcg7+ Kf8 42. Rf7+ Kg8 43. Rfg7+ Kf8 44. Rc7 Kg8 45. Rhg7+ Kh8 46. Rh7+ Kg8 1/2-1/2

[Event "Florianopolis op 6th"]
[Site "Florianopolis"]
[Date "2020.01.21"]
[Round "3"]
[White "Abdalla, Luiz Guilherme"]
[Black "Shirov, Alexei"]
[Result "0-1"]
[WhiteElo "2248"]
[BlackElo "2677"]
[PlyCount "53"]
[EventDate "2020.01.20"]
[EventType "swiss"]
[EventRounds "10"]
[EventCountry "BRA"]
[SourceTitle "CBM 194 Extra"]
[Source "ChessBase"]
[SourceDate "2020.03.31"]
[SourceVersion "1"]
[SourceVersionDate "2020.03.31"]
[SourceQuality "1"]

1. d4 Nf6 2. c4 e6 3. Nc3 Bb4 4. Qc2 0-0 5. e4 d5 6. e5 Ne4 7. Bd3 c5 8. Nf3 cxd4 9. Nxd4 Nd7 10. Bf4 Qh4 11. g3 Qh3 12. cxd5 exd5 13. f3 Bxc3+ 14. bxc3 Nec5 15. Bf5 Qh5 16. Bg4 Qg6 17. Bf5 Qa6 18. Bxh7+ Kh8 19. Rd1 g6 20. h4 Re8 21. h5 g5 22. Be3 Nxe5 23. Kf2 Qf6 24. Nf5 Ne4+ 25. fxe4 Ng4+ 26. Ke2 Bxf5 27. Bxf5 0-1

[Event "American Continental 15th"]
[Site "Sao Paulo"]
[Date "2019.07.11"]
[Round "9"]
[White "Hambleton, Aman"]
[Black "Abdalla, Luiz Guilherme"]
[Result "1-0"]
[WhiteElo "2487"]
[BlackElo "2245"]
[PlyCount "71"]
[EventDate "2019.07.05"]
[EventType "swiss"]
[EventRounds "11"]
[EventCountry "BRA"]
[SourceTitle "CBM 191 Extra"]
[Source "ChessBase"]
[SourceDate "2019.09.30"]
[SourceVersion "1"]
[SourceVersionDate "2019.09.30"]
[SourceQuality "1"]

1. c4 c5 2. Nf3 Nc6 3. Nc3 g6 4. d4 cxd4 5. Nxd4 Bg7 6. Nc2 Nf6 7. e4 d6 8. Be2 0-0 9. 0-0 Nd7 10. Re1 Nc5 11. Bf1 Bxc3 12. bxc3 Qa5 13. Bd2 Qa4 14. Bh6 Re8 15. Qd2 Be6 16. Nb4 Rac8 17. f4 f6 18. Re3 Na5 19. Qe1 Nxc4 20. Rg3 Bf7 21. h4 Nd7 22. h5 Qa5 23. hxg6 hxg6 24. Rd1 Rc5 25. e5 Ncxe5 26. fxe5 Rxe5 27. Be3 Kg7 28. Nd3 Re4 29. Bh6+ Kxh6 30. Qxe4 Kg7 31. Nf4 Ne5 32. Bd3 Rh8 33. Bb1 Qb6+ 34. Qe3 Qb5 35. Bxg6 Bxg6 36. Nxg6 1-0

[Event "American Continental 15th"]
[Site "Sao Paulo"]
[Date "2019.07.10"]
[Round "8"]
[White "Abdalla, Luiz Guilherme"]
[Black "Sanchez Alvarez, Roberto Carlos"]
[Result "1-0"]
[WhiteElo "2245"]
[BlackElo "2434"]
[PlyCount "93"]
[EventDate "2019.07.05"]
[EventType "swiss"]
[EventRounds "11"]
[EventCountry "BRA"]
[SourceTitle "CBM 191 Extra"]
[Source "ChessBase"]
[SourceDate "2019.09.30"]
[SourceVersion "1"]
[SourceVersionDate "2019.09.30"]
[SourceQuality "1"]

1. d4 Nf6 2. c4 e6 3. Nf3 b6 4. g3 Ba6 5. b3 Bb4+ 6. Bd2 Be7 7. Nc3 d5 8. cxd5 exd5 9. Bg2 0-0 10. Ne5 Bb7 11. 0-0 Nbd7 12. Nd3 Re8 13. b4 Ne4 14. Nxe4 dxe4 15. Nf4 Nf6 16. e3 Bd6 17. Nh5 Nd5 18. f3 Nxb4 19. fxe4 Bxe4 20. Bxe4 Rxe4 21. Rxf7 Kxf7 22. Qf3+ Kg8 23. Qxe4 Qe8 24. Qf3 Rd8 25. Rf1 Qe6 26. Nf4 Qc4 27. Bxb4 Bxb4 28. d5 Rf8 29. Qg4 Qe4 30. Qe6+ Qxe6 31. Nxe6 Rxf1+ 32. Kxf1 Bd6 33. Ke2 Kf7 34. Kd3 Kf6 35. Ke4 a6 36. Nd4 b5 37. Nc6 Bc5 38. Nb8 Kg5 39. Nxa6 Bd6 40. Kd4 h5 41. Nc5 Kg4 42. e4 Kh3 43. e5 Be7 44. Ne6 Kxh2 45. Nxg7 h4 46. gxh4 Bxh4 47. Kc5 1-0

[Event "American Continental 15th"]
[Site "Sao Paulo"]
[Date "2019.07.07"]
[Round "3"]
[White "Abdalla, Luiz Guilherme"]
[Black "Pereira, Geanfrancesco"]
[Result "1/2-1/2"]
[WhiteElo "2245"]
[BlackElo "2068"]
[PlyCount "77"]
[EventDate "2019.07.05"]
[EventType "swiss"]
[EventRounds "11"]
[EventCountry "BRA"]
[SourceTitle "CBM 191 Extra"]
[Source "ChessBase"]
[SourceDate "2019.09.30"]
[SourceVersion "1"]
[SourceVersionDate "2019.09.30"]
[SourceQuality "1"]

1. d4 Nf6 2. c4 e6 3. Nc3 Bb4 4. Qc2 Nc6 5. Nf3 d5 6. Bg5 0-0 7. a3 Be7 8. e3 h6 9. Bh4 a6 10. Rc1 Na5 11. cxd5 exd5 12. Ne5 Be6 13. Bd3 c5 14. 0-0 cxd4 15. exd4 Rc8 16. Rfd1 Qb6 17. b4 Nc4 18. Bxc4 dxc4 19. d5 Qc7 20. Bg3 Bd6 21. dxe6 Bxe5 22. Bxe5 Qxe5 23. Re1 Qc7 24. e7 Rfe8 25. Qe2 b5 26. Rcd1 Qb7 27. Ne4 Nxe4 28. Qxe4 Qxe4 29. Rxe4 f6 30. Re6 c3 31. Kf1 Kf7 32. Rxa6 Rxe7 33. Rad6 Ra7 34. R6d5 Rxa3 35. Rxb5 c2 36. Rc1 Rb3 37. Ke2 Rc4 38. Rc5 Rbxb4 39. Rxc2 1/2-1/2

[Event "Florianopolis op 3rd"]
[Site "Florianopolis"]
[Date "2017.01.23"]
[Round "5"]
[White "De Borba, Gabriel"]
[Black "Abdalla, Luiz Guilherme"]
[Result "0-1"]
[WhiteElo "1861"]
[BlackElo "2277"]
[PlyCount "54"]
[EventDate "2017.01.20"]
[EventType "swiss"]
[EventRounds "10"]
[EventCountry "BRA"]
[SourceTitle "CBM 176 Extra"]
[Source "ChessBase"]
[SourceDate "2017.03.02"]
[SourceVersion "1"]
[SourceVersionDate "2017.03.02"]
[SourceQuality "1"]

1. e4 c5 2. Nf3 e6 3. d4 cxd4 4. Nxd4 Nf6 5. Nc3 d6 6. Be3 Nc6 7. f4 Be7 8. Qf3 0-0 9. 0-0-0 Nxd4 10. Bxd4 Qa5 11. Rg1 e5 12. Bxe5 dxe5 13. f5 Bc5 14. Rh1 b5 15. Kb1 Bb7 16. Bd3 b4 17. Ne2 Rfd8 18. g4 Nd5 19. g5 Nc3+ 20. bxc3 bxc3 21. Ka1 Ba3 22. Bc4 Bb2+ 23. Kb1 Qb4 24. Bb3 Qxe4 25. Qh5 Qxf5 26. Rdf1 Bxh1 27. Ng3 Bf3 0-1

[Event "Florianopolis op 3rd"]
[Site "Florianopolis"]
[Date "2017.01.21"]
[Round "2"]
[White "Abdalla, Luiz Guilherme"]
[Black "Alboredo, Julia"]
[Result "1/2-1/2"]
[WhiteElo "2277"]
[BlackElo "2102"]
[PlyCount "88"]
[EventDate "2017.01.20"]
[EventType "swiss"]
[EventRounds "10"]
[EventCountry "BRA"]
[SourceTitle "CBM 176 Extra"]
[Source "ChessBase"]
[SourceDate "2017.03.02"]
[SourceVersion "1"]
[SourceVersionDate "2017.03.02"]
[SourceQuality "1"]

1. e4 c5 2. Nf3 d6 3. Bb5+ Nd7 4. d4 cxd4 5. Qxd4 a6 6. Bxd7+ Bxd7 7. c4 Rc8 8. 0-0 Qc7 9. b3 b5 10. Na3 e5 11. Qd3 Qb7 12. Re1 Nf6 13. Bg5 Be7 14. Rad1 0-0 15. cxb5 axb5 16. Nc2 Bc6 17. Nb4 Rfd8 18. Bxf6 Bxf6 19. Nd2 d5 20. exd5 Bxd5 21. Nxd5 Qxd5 22. Qxd5 Rxd5 23. Ne4 Rxd1 24. Nxf6+ gxf6 25. Rxd1 Rc2 26. g4 Rxa2 27. Rd5 b4 28. Rb5 Kg7 29. Rxb4 Kg6 30. Rb7 Rb2 31. Kg2 Rb1 32. b4 Rb3 33. b5 Rb4 34. h3 Rb3 35. b6 h5 36. gxh5+ Kxh5 37. Rb8 Kg6 38. b7 Kg7 39. Kf1 Rb2 40. Ke1 f5 41. Kd1 e4 42. Kc1 Rb6 43. Kd2 f4 44. Kc3 e3 1/2-1/2

[Event "Florianopolis op 3rd"]
[Site "Florianopolis"]
[Date "2017.01.21"]
[Round "3"]
[White "Lopes, Marcelo Ferreira"]
[Black "Abdalla, Luiz Guilherme"]
[Result "0-1"]
[WhiteElo "2013"]
[BlackElo "2277"]
[PlyCount "72"]
[EventDate "2017.01.20"]
[EventType "swiss"]
[EventRounds "10"]
[EventCountry "BRA"]
[SourceTitle "CBM 176 Extra"]
[Source "ChessBase"]
[SourceDate "2017.03.02"]
[SourceVersion "1"]
[SourceVersionDate "2017.03.02"]
[SourceQuality "1"]

1. e4 c5 2. Nf3 e6 3. d3 Nc6 4. g3 d5 5. Qe2 Nf6 6. Bg2 Be7 7. 0-0 b5 8. e5 Nd7 9. a4 b4 10. c4 bxc3 11. bxc3 Rb8 12. h4 Ba6 13. Re1 Na5 14. Bg5 h6 15. Bxe7 Qxe7 16. Qc2 0-0 17. Nbd2 Rb6 18. Rab1 Rfb8 19. Bf1 Rxb1 20. Rxb1 Rxb1 21. Qxb1 Nb6 22. Nb3 Nxb3 23. Qxb3 c4 24. dxc4 dxc4 25. Qa2 Qc5 26. a5 Nd7 27. Qa4 Bb5 28. Qb4 Qxb4 29. cxb4 c3 30. Nd4 Nxe5 31. Nb3 Ba4 32. Nc1 Nc6 33. Na2 c2 34. Bd3 Bb3 35. Nc1 Nxb4 36. Kf1 Nxd3 0-1

[Event "BRA-ch U26"]
[Site "Uberlandia"]
[Date "2015.10.18"]
[Round "6"]
[White "Abdalla, Luiz Guilherme"]
[Black "Hiramine, Rodrigo Yoshio Ferr"]
[Result "1-0"]
[WhiteElo "2272"]
[BlackElo "2015"]
[PlyCount "59"]
[EventDate "2015.10.15"]
[EventType "swiss"]
[EventRounds "7"]
[EventCountry "BRA"]
[SourceTitle "CBM 168 Extra"]
[Source "ChessBase"]
[SourceDate "2015.10.29"]
[SourceVersion "1"]
[SourceVersionDate "2015.10.29"]
[SourceQuality "1"]

1. d4 Nf6 2. c4 g6 3. Nc3 d5 4. cxd5 Nxd5 5. e4 Nxc3 6. bxc3 Bg7 7. Be3 c5 8. Qd2 Qa5 9. Rc1 0-0 10. Nf3 Rd8 11. d5 e6 12. Bg5 f6 13. Be3 b6 14. Be2 Nc6 15. 0-0 f5 16. Bd3 Ba6 17. Ng5 fxe4 18. Bxa6 Qxa6 19. Nxe6 Rd7 20. Nxg7 Kxg7 21. c4 Nb4 22. f3 Nxa2 23. Bh6+ Kg8 24. d6 Re8 25. Qd5+ Kh8 26. fxe4 Nxc1 27. Bxc1 Qa1 28. Be3 Qe5 29. Rf8+ Kg7 30. Qg8# 1-0

[Event "BRA-ch U26"]
[Site "Uberlandia"]
[Date "2015.10.18"]
[Round "7"]
[White "Caetano, Hugo Zanotti Mendon"]
[Black "Abdalla, Luiz Guilherme"]
[Result "1/2-1/2"]
[WhiteElo "2212"]
[BlackElo "2272"]
[PlyCount "71"]
[EventDate "2015.10.15"]
[EventType "swiss"]
[EventRounds "7"]
[EventCountry "BRA"]
[SourceTitle "CBM 168 Extra"]
[Source "ChessBase"]
[SourceDate "2015.10.29"]
[SourceVersion "1"]
[SourceVersionDate "2015.10.29"]
[SourceQuality "1"]

1. d4 Nf6 2. c4 g6 3. Nc3 d5 4. cxd5 Nxd5 5. e4 Nxc3 6. bxc3 Bg7 7. Be3 c5 8. Qd2 Qa5 9. Rc1 0-0 10. Nf3 Rd8 11. d5 e6 12. c4 Qa3 13. Be2 Nc6 14. 0-0 b6 15. Bh6 Bh8 16. Qg5 f6 17. Qe3 Qxe3 18. Bxe3 Na5 19. Rfd1 Nb7 20. Bf4 e5 21. Be3 Nd6 22. Nd2 f5 23. f3 Bd7 24. Bd3 f4 25. Bf2 g5 26. g4 Bf6 27. Nb1 Kf7 28. Nc3 h5 29. h3 Rh8 30. Kg2 Rh7 31. Rg1 Rah8 32. a4 hxg4 33. hxg4 Rh2+ 34. Kf1 R8h3 35. Be2 Nb7 36. Rg2 1/2-1/2

[Event "Paulista-chTB"]
[Site "Sao Paulo"]
[Date "2015.03.01"]
[Round "3.3"]
[White "De Mendonca, Mateus Nakajo"]
[Black "Abdalla, Luiz Guilherme"]
[Result "1-0"]
[WhiteElo "2296"]
[BlackElo "2272"]
[PlyCount "109"]
[EventDate "2015.02.28"]
[EventType "team-tourn"]
[EventRounds "7"]
[EventCountry "BRA"]
[SourceTitle "EXT 2017"]
[Source "ChessBase"]
[SourceDate "2016.10.25"]
[SourceVersion "1"]
[SourceVersionDate "2016.10.25"]
[SourceQuality "1"]
[WhiteTeam "Hebraica"]
[BlackTeam "Circulo Militar"]
[WhiteTeamCountry "BRA"]
[BlackTeamCountry "BRA"]

1. d4 Nf6 2. c4 g6 3. Nc3 d5 4. cxd5 Nxd5 5. e4 Nxc3 6. bxc3 Bg7 7. Nf3 c5 8. Rb1 0-0 9. Be2 Nc6 10. d5 Na5 11. 0-0 e6 12. Bg5 f6 13. Be3 b6 14. Qd2 exd5 15. exd5 Nb7 16. Bf4 Nd6 17. a4 g5 18. Bxd6 Qxd6 19. Qd3 Bb7 20. Rfd1 Rad8 21. c4 Bc8 22. h3 h6 23. Qc2 f5 24. Nd2 Qg6 25. Nb3 Be5 26. Bf1 Bc7 27. g3 h5 28. Qd3 Qg7 29. Qf3 g4 30. hxg4 hxg4 31. Qg2 Rd6 32. Nc1 f4 33. gxf4 Rxf4 34. Ne2 Rf8 35. Ng3 Rh6 36. Rb3 Be5 37. Rd2 Bd4 38. Ne4 Be5 39. Ng3 Bd4 40. Rbd3 Bd7 41. a5 bxa5 42. Rxd4 cxd4 43. c5 Rf3 44. c6 Bxc6 45. dxc6 Rxc6 46. Be2 Rc1+ 47. Nf1 Rf4 48. Qa8+ Qf8 49. Qd5+ Qf7 50. Qg5+ Kh8 51. Rb2 Rc8 52. Qh6+ Kg8 53. Rb5 Rf5 54. Bc4 Rxb5 55. Qg6+ 1-0

[Event "Florianopolis op"]
[Site "Florianopolis"]
[Date "2015.01.18"]
[Round "10"]
[White "Lopes, Marcelo Ferreira"]
[Black "Abdalla, Luiz Guilherme"]
[Result "1/2-1/2"]
[WhiteElo "2002"]
[BlackElo "2304"]
[PlyCount "202"]
[EventDate "2015.01.14"]
[EventType "swiss"]
[EventRounds "10"]
[EventCountry "BRA"]
[SourceTitle "CBM 164 Extra"]
[Source "ChessBase"]
[SourceDate "2015.03.02"]
[SourceVersion "1"]
[SourceVersionDate "2015.03.02"]
[SourceQuality "1"]

1. e4 c5 2. Nf3 e6 3. c4 Nc6 4. Nc3 Nf6 5. Be2 d5 6. e5 Ne4 7. cxd5 exd5 8. d4 cxd4 9. Nxd4 Bb4 10. Nxc6 bxc6 11. Qc2 Qa5 12. 0-0 Bxc3 13. bxc3 Qxc3 14. Qa4 0-0 15. Ba3 c5 16. Rac1 Qxe5 17. Bd3 Bf5 18. Rfe1 Qf6 19. Bxe4 dxe4 20. Bxc5 Rfd8 21. Be3 h5 22. Rc5 Rd6 23. Qb5 Bg6 24. Qb7 Rad8 25. Qxa7 Ra6 26. Qc7 Rda8 27. Qe5 Qxe5 28. Rxe5 Rxa2 29. Rc5 f6 30. Rec1 Bf7 31. h3 h4 32. Rc7 Ra1 33. Kh2 Rxc1 34. Rxc1 Ra6 35. g3 hxg3+ 36. Kxg3 Kh7 37. Rc7 Bh5 38. Ra7 Rc6 39. Ra1 Bf3 40. Rc1 Ra6 41. Rc7 Kg6 42. Ra7 Rc6 43. Ra1 Rd6 44. Rc1 Rd8 45. Ra1 Rd5 46. Rc1 Kh5 47. h4 Kg6 48. Bf4 Bh5 49. Be3 Rf5 50. Bf4 Be2 51. Re1 Bf3 52. Rc1 Rb5 53. Rc3 Rb2 54. Be3 Rb7 55. Rc1 Kf7 56. Ra1 Ke6 57. Kf4 Rb5 58. Ra6+ Kf7 59. Ra7+ Kg6 60. Rc7 Rd5 61. Rc1 Kh5 62. Kg3 Kg6 63. Kf4 Rf5+ 64. Kg3 Be2 65. Bf4 Kh5 66. Rc7 g5 67. hxg5 fxg5 68. Be3 Rf3+ 69. Kg2 Kg4 70. Rc5 Rh3 71. Rxg5+ Kh4 72. Rg3 Bf3+ 73. Kf1 Rh1+ 74. Rg1 Be2+ 75. Kg2 Rh3 76. Bg5+ Kg4 77. Be3 Rh7 78. Bd4 Bf3+ 79. Kf1+ Kf5 80. Rg7 Rh1+ 81. Rg1 Rh6 82. Rg8 Rd6 83. Rf8+ Kg6 84. Bc3 Rd1+ 85. Be1 Rb1 86. Rg8+ Kf7 87. Rg5 Ke6 88. Rg8 Bh5 89. Rg5 Bf3 90. Rg8 Ra1 91. Re8+ Kf7 92. Re5 Rb1 93. Rg5 Ke6 94. Rg8 Bh5 95. Rg5 Be8 96. Ke2 Bb5+ 97. Kd2 Bd3 98. Rc5 Kd6 99. Rc1 Rb2+ 100. Ke3 Re2+ 101. Kd4 Bc2 1/2-1/2